000 00285nam a22001337a 4500
008 210512b ||||| |||| 00| 0 eng d
041 _aeng
080 _a7
082 _a7
100 _a44
101 _aART
245 _aSlate and Soft Stone Sculpture
_cEliscu,F
942 _2udc
_cBK
999 _c57281
_d57281